UM Logo

Logic: (Record no. 2143)

MARC details
000 -LEADER
fixed length control field 00582nam a22002057a 4500
003 - CONTROL NUMBER IDENTIFIER
control field OSt
005 - DATE AND TIME OF LATEST TRANSACTION
control field 20160503085924.0
008 - FIXED-LENGTH DATA ELEMENTS--GENERAL INFORMATION
fixed length control field 160430b xxu||||| |||| 00| 0 eng d
020 ## - INTERNATIONAL STANDARD BOOK NUMBER
International Standard Book Number 971-06-1550-5
040 ## - CATALOGING SOURCE
Transcribing agency LIC
082 ## - DEWEY DECIMAL CLASSIFICATION NUMBER
Edition number 2005
Classification number DFil 160
Item number T48l
100 ## - MAIN ENTRY--PERSONAL NAME
9 (RLIN) 6971
Personal name Timbreza, Florentino T.
245 ## - TITLE STATEMENT
Title Logic:
Remainder of title made simple for Filipinos/
Statement of responsibility, etc. Florentino T. Timbreza.
260 ## - PUBLICATION, DISTRIBUTION, ETC. (IMPRINT)
Place of publication, distribution, etc. Quezon City:
Name of publisher, distributor, etc. Phoenix Publishing House,
Date of publication, distribution, etc. c2005.
300 ## - PHYSICAL DESCRIPTION
Extent viii, 242 pages;
Dimensions 21 cm.
365 ## - TRADE PRICE
Price amount 221.00
Currency code Php
500 ## - GENERAL NOTE
General note Includes appendix.
650 #0 - SUBJECT ADDED ENTRY--TOPICAL TERM
9 (RLIN) 6972
Topical term or geographic name as entry element Logic
942 ## - ADDED ENTRY ELEMENTS (KOHA)
Source of classification or shelving scheme Dewey Decimal Classification
Koha item type Filipiniana
Holdings
Withdrawn status Lost status Source of classification or shelving scheme Damaged status Not for loan Collection code Home library Current library Date acquired Source of acquisition Total Checkouts Full call number Barcode Date last seen Copy number Cost, replacement price Price effective from Koha item type Shelving location Date last checked out
    Dewey Decimal Classification     Filipiniana UM Digos College - LIC UM Digos College - LIC 08/14/2008 Purchased   DFil 160 T48l 2005 19581 05/15/2025 2 221.00 04/30/2016 Filipiniana    
    Dewey Decimal Classification     Filipiniana UM Digos College - LIC UM Digos College - LIC 08/14/2008 Purchased 2 DFil 160 T48l 2005 19580 05/15/2025 1 221.00 04/30/2016 Filipiniana Book Cart 08/01/2019